000 00729 a2200241 4500
999 _c10989
_d10989
020 _a0140216820
050 0 0 _aHN723
_b.NAK 1973
100 1 _aNakane, Chie,
_d1926-2021.
_eauthr
245 1 0 _aJapanese society.
_cChie Nakane
250 _aRevised ed.
264 _aBerkeley:
_bUniversity of Carlifornia,
_c1973
300 _ax, 162 pages
336 _2rdacontent
_atext
_btxt
337 _2 rdamedia
_aunmediated
_bn
338 _2rdacarrier
_avolume
_bnc
500 _aTranslation of Tateshakai no ningen kankei.
504 _aIncludes bibliographical references and index.
650 0 _aSocial groups.
650 0 _aSocial values.
651 0 _aJapan
700 _aChie Nakame
_eauhor
942 _2lcc
_cBK
_h723
_iNAK
_kHN